000 00552nam a2200169 4500
001 123464
003 ES-MaACL
005 20230906192158.0
007 t|
008 070214s1957 sp r ||||1| spa d
100 1 _aQuijada, Hernán.
_994612
245 1 0 _aConsideraciones psicoanalíticas sobre partos distócicos
_b: aspectos psicofisiológicos de las relaciones entre la madre y el feto /
_cHernán Quijada.
260 _aMadrid :
_bPaz Montalvo,
_c1957.
300 _a144 p. ;
_c21 cm.
650 0 0 _aParto.
_915879
852 _aES-MaACL
_jC-12491
999 _c123464
_d123464